000
00312nam a22001337a 4500
008
210225b 6t ||||| |||| 00| 0 eng d
020
_a
2900132831009
041
_a
eng
080
_2
6th
_a
330.101.541
100
_a
52
101
_a
MAKRO
245
_a
Foundations of Macroeconomics
_c
Bade,R
942
_2
udc
_c
BK
999
_c
55211
_d
55211